Best Anime's in my opinion - Statistics

General Stats
  • This quiz has been taken 85 times
  • The average score is 5 of 6
Answer Stats
Hint Answer % Correct
Pirates One Piece
96%
Ninjas Naruto
89%
Demons Demon Slayer
82%
Punching One Punch Man
82%
Booklet Death Note
58%
Titans Attack On Titans
43%
No matching quizzes found
Score Distribution
Percent of People with Each Score
Percentile by Number Answered
Your Score History
You have not taken this quiz